[Event "Challenge"]
[Site "http://www.queenalice.com/game.php?id=673092"]
[Date "2009.10.27"]
[Round "-"]
[White "HellCampos"]
[Black "sxako"]
[Result "0-1"]
[WhiteElo "1074"]
[BlackElo "1100"]

1. g4 e5 2. b4 Nc6 3. Nc3 Nf6 4. Nf3 d6 5. Ba3 a6 6. Bh3 d5 7. Nb1 Ne4 8. Nc3
Nxf2 9. Kxf2 d4 10. Nd5 Qxd5 11. Ke1 e4 12. Rb1 exf3 13. c3 d3 14. Rf1 fxe2 15.
Rb2 exd1=Q+ 16. Kxd1 Qe5 17. Kc1 Qxh2 18. Re1+ Be7 19. Rd1 Qxh3 20. Rg1 Bxg4 21.
b5 Bxa3 22. Re1+ Be6 23. bxc6 bxc6 24. Rd1 Bxa2 25. Re1+ Kd7 26. Re4 Qf1+ 27.
Re1 Qxe1# 0-1

[Event "Challenge"]
[Site "http://www.queenalice.com/game.php?id=673657"]
[Date "2009.10.28"]
[Round "-"]
[White "bboyfael"]
[Black "HellCampos"]
[Result "1-0"]
[WhiteElo "1258"]
[BlackElo "1115"]

1. e4 b5 2. d4 g5 3. Qd3 Nf6 4. Qxb5 a6 5. Qxg5 e6 6. e5 Rg8 7. Qh4 Bb4+ 8. Bd2
Nd5 9. Qe4 Bb7 10. Bxb4 Nxb4 11. Qxb7 Nxc2+ 12. Kd1 Ke7 13. Qxa8 Nxa1 14. Qb7
Rg4 15. Qb4+ Ke8 16. f3 Qg5 17. fxg4 Qxg4+ 18. Be2 a5 19. Qxb8+ Ke7 20. Bxg4 h6
21. Qxc7 f5 22. exf6+ Kxf6 23. Qxa5 Nc2 24. d5 exd5 25. Qa6+ d6 26. Qxd6+ Kg5
27. Qe6 Ne3+ 28. Qxe3+ Kxg4 29. Qf3+ Kg5 30. Qxd5+ Kf4 31. Ne2+ Ke3 32. Qd4# 1-0

[Event "Challenge"]
[Site "http://www.queenalice.com/game.php?id=679441"]
[Date "2009.11.7"]
[Round "-"]
[White "mbacellar"]
[Black "HellCampos"]
[Result "0-1"]
[WhiteElo "1240"]
[BlackElo "1033"]

1. e4 Nc6 2. Nc3 e6 3. Na4 Na5 4. b4 b5 5. Bxb5 Bxb4 6. a3 a6 7. Bd3 Bd6 8. c4
c6 9. c5 e5 10. cxd6 Nf6 11. Qh5 Nxh5 12. Be2 O-O 13. Bxh5 Rb8 14. Nf3 Nb3 15.
Bb2 Nxa1 16. Bxa1 a5 17. O-O Ba6 18. Rd1 Qf6 19. Bxe5 Rb3 20. Bxf6 gxf6 21. Nh4
Rxa3 22. Nb6 Ra4 23. Nxa4 Bd3 24. Bg4 Bxe4 25. Re1 Bc2 26. Nb6 a4 27. Nxd7 Rd8
28. Nc5 a3 29. Nf5 a2 30. Ne7+ Kg7 31. Bf5 Bb1 32. Rxb1 axb1=Q+ 33. Bxb1 Rb8 34.
Nf5+ Kf8 35. Ba2 Rb2 36. d7 Rb8 37. Nd4 Kg7 38. Nxc6 Ra8 39. Bd5 Ra1# 0-1

[Event "Challenge"]
[Site "http://www.queenalice.com/game.php?id=679741"]
[Date "2009.11.8"]
[Round "-"]
[White "cremilda"]
[Black "HellCampos"]
[Result "0-1"]
[WhiteElo "1276"]
[BlackElo "1021"]

1. e4 Nf6 2. e5 d5 3. exf6 gxf6 4. d4 e5 5. Qe2 Nc6 6. dxe5 fxe5 7. Qe3 Rg8 8.
Bb5 a6 9. Bxc6+ bxc6 10. Qxe5+ Be6 11. Bf4 c5 12. Qxc7 c4 13. Qxd8+ Rxd8 14. Nc3
Rg4 15. g3 Bh6 16. Bxh6 Rg6 17. Bf4 Bg4 18. Bc7 Rd7 19. Ba5 Re7+ 20. Nce2 Bxe2
21. Nxe2 Rc6 22. Rd1 Rc5 23. Bb4 Rb5 24. Bxe7 Rb7 0-1

[Event "AUTO-BEG-354"]
[Site "http://www.queenalice.com/game.php?id=680923"]
[Date "2009.11.10"]
[Round "1"]
[White "HellCampos"]
[Black "chuck_norris"]
[Result "1-0"]
[WhiteElo "1060"]
[BlackElo "1008"]

1. g4 e5 2. c3 Qf6 3. Qa4 Bc5 4. Qc4 Qxf2+ 5. Kd1 Qxf1+ 6. Kc2 Na6 7. Qe4 Bxg1
8. Qxe5+ Ne7 9. Kd3 Qxc1 10. Qxg7 Rg8 11. Qe5 Rxg4 12. Rxg1 Rxg1 13. a4 Qxb2 14.
Qe3 Rxb1 15. Qh6 Qxa1 16. Qxh7 Nc5+ 17. Kd4 Nb3+ 18. Kc4 Qxa4+ 19. Kd3 Nc5+ 20.
Ke3 Rf1 21. Qh8+ Ng8 22. Qxg8+ Ke7 23. Qg5+ Rf6 24. Qxc5+ Ke8 25. Qe5+ Kf8 26.
Qxf6 b6 27. Qh8+ Ke7 28. Qe5+ 1-0

[Event "AUTO-BEG-354"]
[Site "http://www.queenalice.com/game.php?id=680924"]
[Date "2009.11.10"]
[Round "1"]
[White "chuck_norris"]
[Black "HellCampos"]
[Result "1-0"]
[WhiteElo "988"]
[BlackElo "1096"]

1. e4 d6 2. Qf3 Qd7 3. Bc4 Qa4 4. Qxf7+ Kd7 5. b3 Qa5 6. Qxf8 Qe5 7. Bxg8 Qxe4+
8. Ne2 Kc6 9. Qxg7 Qxg2 10. Qxg2+ Kd7 11. Qg4+ Kd8 12. Qg7 Kd7 13. Qxh8 Nc6 14.
Qxh7 Ne5 15. Qf5+ Kc6 16. Nd4+ Kb6 17. Nc3 Bxf5 18. b4 Rxg8 19. Nd5+ Ka6 20. d3
Bd7 21. Bd2 c5 22. bxc5 Bc6 23. Nc7# 1-0

[Event "AUTO-BEG-354"]
[Site "http://www.queenalice.com/game.php?id=680926"]
[Date "2009.11.10"]
[Round "1"]
[White "filipe_carlos_panice"]
[Black "HellCampos"]
[Result "1-0"]
[WhiteElo "1253"]
[BlackElo "1117"]

1. e4 e6 2. Nh3 Qh4 3. Nc3 b6 4. g3 Qf6 5. d3 Bd6 6. d4 Nc6 7. e5 Bxe5 8. dxe5
Qxe5+ 9. Qe2 Qf6 10. Nb5 Kf8 11. Nxc7 Qe5 12. Qxe5 Nxe5 13. Nxa8 Nf3+ 14. Kd1
Bb7 15. Bg2 Ng5 16. Nxg5 Bxg2 17. Re1 Bxa8 18. Bf4 Bg2 19. Bd6+ Ne7 20. Bxe7+
Kxe7 21. f3 Bxf3+ 22. Nxf3 Rc8 23. Ng5 Rc5 24. Nxh7 Rd5+ 25. Kc1 Rh5 26. Re4
Rxh2 27. Rh4 Rf2 28. Rf4 Rg2 29. b3 Rg1+ 30. Kb2 Rxg3 31. Raf1 Rh3 32. Rxf7+ Kd6
33. Rxg7 Re3 34. Rd1+ Kc6 35. Rgxd7 Kb5 36. Rc7 Ka6 37. c4 Re2+ 38. Ka3 Re5 39.
b4 Re3+ 40. Ka4 Re2 41. b5# 1-0

[Event "AUTO-BEG-354"]
[Site "http://www.queenalice.com/game.php?id=680928"]
[Date "2009.11.10"]
[Round "1"]
[White "vli"]
[Black "HellCampos"]
[Result "1-0"]
[WhiteElo "1225"]
[BlackElo "1060"]

1. e4 e5 2. Qh5 Nf6 3. Qxe5+ Be7 4. d3 O-O 5. Bg5 d6 6. Qg3 h6 7. Bxh6 Nh5 8.
Qf3 gxh6 9. Qxh5 c5 10. Qxh6 Qa5+ 11. c3 c4 12. dxc4 a6 13. Bd3 b6 14. e5 dxe5
15. Qh7# 1-0

[Event "1x1"]
[Site "http://www.queenalice.com/game.php?id=694619"]
[Date "2009.12.8"]
[Round "-"]
[White "HellCampos"]
[Black "Augustocampos"]
[Result "1-0"]
[WhiteElo "1059"]
[BlackElo "1263"]

1. b4 f5 2. e3 e5 3. Nf3 e4 4. Nh4 g6 5. Bb2 d5 6. Bxh8 c6 7. d4 Nh6 8. f4 b6 9.
Be2 Bxb4+ 10. c3 Qxh4+ 11. g3 Qe7 12. cxb4 Qxb4+ 13. Nd2 b5 14. a3 Qc3 15. Rc1
Qxa3 16. Rg1 Qxe3 17. Nf1 c5 18. Nxe3 cxd4 19. Nxd5 a5 20. Nf6+ Ke7 21. Rxc8 b4
22. Bg7 e3 23. Qc1 a4 24. Qc7+ Ke6 25. Bc4# 1-0

[Event "Challenge"]
[Site "http://www.queenalice.com/game.php?id=703408"]
[Date "2009.12.26"]
[Round "-"]
[White "HellCampos"]
[Black "dtrainey"]
[Result "0-1"]
[WhiteElo "1146"]
[BlackElo "1554"]

1. b4 d5 2. Nc3 Bf5 3. Nxd5 Qxd5 4. c3 e5 5. Qa4+ b5 6. Qa5 Bd6 7. c4 Qxc4 8. e3
Qxb4 9. Qxb4 Bxb4 10. Bxb5+ c6 11. Bc4 Nd7 12. Rb1 Ngf6 13. Rxb4 Be4 14. f3 Bd5
15. Ba6 Nc5 16. Bb7 Rd8 17. Ba3 Nd3+ 18. Ke2 Nxb4 19. Bxb4 Rb8 20. Bd6 Rxb7 21.
Nh3 h6 22. Rc1 Rd7 23. Bc5 Bxa2 24. Ra1 Bc4+ 25. d3 Bxd3+ 26. Kd2 Bf1+ 27. Ke1
Bxg2 28. Bxa7 Bxh3 29. Rb1 O-O 30. f4 Rxa7 31. fxe5 Ng4 32. Rb6 Nxe3 33. Rxc6
Ra1+ 34. Ke2 Nf5 0-1

[Event "Challenge"]
[Site "http://www.queenalice.com/game.php?id=703409"]
[Date "2009.12.26"]
[Round "-"]
[White "HellCampos"]
[Black "sovietico_1953"]
[Result "0-1"]
[WhiteElo "1093"]
[BlackElo "1315"]

1. g4 e5 2. Nf3 Bc5 3. a3 d6 4. b4 Bb6 5. e4 Qd7 6. a4 Qxg4 7. Rg1 Qxe4+ 8. Be2
Bg4 9. Nc3 Qf5 10. Nh4 Qxf2# 0-1

[Event "Challenge_01"]
[Site "http://www.queenalice.com/game.php?id=704327"]
[Date "2009.12.27"]
[Round "-"]
[White "The_Match"]
[Black "HellCampos"]
[Result "0-1"]
[WhiteElo "1308"]
[BlackElo "1083"]

1. d4 Nc6 2. c3 Nb8 3. Bf4 h6 4. Nf3 f6 5. Nbd2 d5 6. Nh4 g5 7. Bg3 Nc6 8. b4
Rh7 9. Qc2 a5 10. b5 e5 11. Qxh7 gxh4 12. Bxh4 Be6 13. bxc6 Qe7 14. Qh8 Qg7 15.
Qxg7 Bxg7 16. e3 bxc6 17. Rb1 Ne7 18. Rb7 Nf5 19. Bg3 Nd6 20. Rxc7 Rb8 21. Ba6
Rb2 22. O-O Rxd2 23. a4 Bf5 24. Rxg7 Nb5 25. Bh4 Bd3 26. Re1 Kf8 27. Bxf6 Nxc3
28. Bxd3 Rxd3 29. dxe5 Ne2+ 30. Rxe2 Rd1+ 31. Re1 Rxe1# 0-1

[Event "Challenge"]
[Site "http://www.queenalice.com/game.php?id=705759"]
[Date "2009.12.30"]
[Round "-"]
[White "Augustocampos"]
[Black "HellCampos"]
[Result "1-0"]
[WhiteElo "1310"]
[BlackElo "1142"]

1. b4 g6 2. d4 Nc6 3. f4 Bg7 4. Nf3 Nxd4 5. Nxd4 c6 6. h4 Bf6 7. c3 Bxh4+ 8.
Rxh4 e6 9. g3 g5 10. Rh5 Nf6 11. Rxg5 h6 12. Ra5 Rg8 13. c4 Rxg3 14. e4 Nxe4 15.
Rh5 f6 16. Rxh6 Rg1 17. Rh8+ Ke7 18. Rxd8 Kxd8 19. Nd2 d6 20. Qh5 Kc7 21. Qh7+
Kb6 22. Nxe4 e5 23. fxe5 fxe5 24. Qh2 Rg4 25. Qe2 Rg1 26. Nxd6 exd4 27. Qe8 d3
28. Qd8+ Ka6 29. Nxc8 d2+ 30. Kf2 d1=Q 31. Qxd1 Rxf1+ 32. Kxf1 Rxc8 33. a4 Rf8+
34. Ke2 Rd8 35. Qxd8 b5 36. Qc8+ 1-0

[Event "Let's Play Chess!"]
[Site "http://www.queenalice.com/game.php?id=708336"]
[Date "2010.1.4"]
[Round "-"]
[White "HellCampos"]
[Black "kre"]
[Result "0-1"]
[WhiteElo "1102"]
[BlackElo "1462"]

1. b4 e5 2. Nc3 Nc6 3. e4 Nf6 4. Nf3 Bxb4 5. a3 Bxc3 6. dxc3 Nxe4 7. a4 Nxc3 8.
Bg5 f6 9. Bh4 d5 10. Qd3 d4 11. Ra3 Nb4 12. Qd2 Bf5 13. Rb3 Nxc2+ 14. Qxc2 Bxc2
15. Nd2 Bxb3 16. Nxb3 b6 17. Bb5+ Nxb5 18. axb5 Qd5 19. g4 Qxh1+ 20. Ke2 Qxh2
0-1